000 00282pab a2200109 454500
008 180718b xxu||||| |||| 00| 0 eng d
100 _aPandey, Vikash N
245 _aNational forest policy 1988: a critique
650 _aForests - Policy - India
773 _aMainstream
909 _a22188
999 _c22188
_d22188